Una aproximación a la comercialización (Registro nro. 28740)
[ vista simple ]
| 000 -LEADER | |
|---|---|
| fixed length control field | 00323 a2200109 4500 |
| 001 - CONTROL NUMBER | |
| control field | ART_23937 |
| 005 - DATE AND TIME OF LATEST TRANSACTION | |
| control field | 20260410161932.0 |
| 008 - FIXED-LENGTH DATA ELEMENTS--GENERAL INFORMATION | |
| fixed length control field | 260409a |
| 100 1# - MAIN ENTRY--PERSONAL NAME | |
| Personal name | Bogo, Héctor Mario |
| 245 10 - TITLE STATEMENT | |
| Title | Una aproximación a la comercialización |
| 773 0# - HOST ITEM ENTRY | |
| Title | Informe |
| Related parts | - Año VII, Nº 43 (ene./feb. 1975) |
| Record control number | REV23765 |
No hay ítems disponibles.